<?xml version="1.0" encoding="UTF-8"?>
<record
    xmlns:xsi="http://www.w3.org/2001/XMLSchema-instance"
    xsi:schemaLocation="http://www.loc.gov/MARC21/slim http://www.loc.gov/standards/marcxml/schema/MARC21slim.xsd"
    xmlns="http://www.loc.gov/MARC21/slim">

  <leader>00829nam a22001577a 4500</leader>
  <controlfield tag="003">OSt</controlfield>
  <controlfield tag="005">20151202131750.0</controlfield>
  <controlfield tag="008">151202b        xxu||||| |||| 00| 0 eng d</controlfield>
  <datafield tag="040" ind1=" " ind2=" ">
    <subfield code="c">RUA</subfield>
  </datafield>
  <datafield tag="082" ind1=" " ind2=" ">
    <subfield code="a">FIS LOE 2001 B173 Or.1</subfield>
  </datafield>
  <datafield tag="100" ind1=" " ind2=" ">
    <subfield code="9">4129</subfield>
    <subfield code="a">LOEU, RATANAK.</subfield>
  </datafield>
  <datafield tag="245" ind1=" " ind2=" ">
    <subfield code="a">The effect of using rice brand and dackweed water spinach and rice brand and pellet on the growth and sorvival rate of barbodes altus, &#x17A5;&#x1791;&#x17D2;&#x1792;&#x17B7;&#x1796;&#x179B;&#x1793;&#x17C3;&#x1780;&#x17B6;&#x179A;&#x1794;&#x17D2;&#x179A;&#x17BE;&#x1794;&#x17D2;&#x179A;&#x17B6;&#x179F;&#x17CB;&#x1785;&#x17C6;&#x178E;&#x17B8;&#x1780;&#x1793;&#x17D2;&#x1791;&#x1780;&#x17CB;&#x200B;&#x1793;&#x17B7;&#x1784;&#x1785;&#x1780;&#x1794;&#x17B6;&#x1799;&#x1791;&#x17B6; &#x1780;&#x1793;&#x17D2;&#x1791;&#x1780;&#x17CB; &#x1793;&#x17B7;&#x1784;&#x178F;&#x17D2;&#x179A;&#x1780;&#x17BD;&#x1793; &#x1793;&#x17B7;&#x1784;&#x1785;&#x17C6;&#x178E;&#x17B8;&#x1782;&#x17D2;&#x179A;&#x17B6;&#x1794;&#x17CB;&#x1791;&#x17C5;&#x179B;&#x17BE;&#x17A2;&#x178F;&#x17D2;&#x179A;&#x17B6;&#x179B;&#x17BC;&#x178F;&#x179B;&#x17B6;&#x179F;&#x17CB;&#x1793;&#x17B7;&#x1784;&#x17A2;&#x178F;&#x17D2;&#x179A;&#x17B6;&#x179A;&#x179F;&#x17CB;&#x179A;&#x1794;&#x179F;&#x17CB;&#x178F;&#x17D2;&#x179A;&#x17B8;&#x1780;&#x17B6;&#x17A0;&#x17C2;</subfield>
  </datafield>
  <datafield tag="260" ind1=" " ind2=" ">
    <subfield code="a">Phnom Penh</subfield>
    <subfield code="b">RUA</subfield>
    <subfield code="c">2001</subfield>
  </datafield>
  <datafield tag="300" ind1=" " ind2=" ">
    <subfield code="a">44p.</subfield>
    <subfield code="b">ill.</subfield>
    <subfield code="c">29cm.</subfield>
  </datafield>
  <datafield tag="942" ind1=" " ind2=" ">
    <subfield code="2">ddc</subfield>
    <subfield code="c">FIS</subfield>
  </datafield>
  <datafield tag="999" ind1=" " ind2=" ">
    <subfield code="c">3842</subfield>
    <subfield code="d">3842</subfield>
  </datafield>
  <datafield tag="952" ind1=" " ind2=" ">
    <subfield code="0">0</subfield>
    <subfield code="1">0</subfield>
    <subfield code="2">ddc</subfield>
    <subfield code="4">0</subfield>
    <subfield code="6">FIS_LOE_2001_000000000000000_B173_OR_1</subfield>
    <subfield code="7">0</subfield>
    <subfield code="9">19375</subfield>
    <subfield code="a">LBB</subfield>
    <subfield code="b">LBB</subfield>
    <subfield code="c">B173</subfield>
    <subfield code="d">2015-12-02</subfield>
    <subfield code="o">FIS LOE 2001 B173 Or.1</subfield>
    <subfield code="p">RUA010094</subfield>
    <subfield code="r">2015-12-02</subfield>
    <subfield code="w">2015-12-02</subfield>
    <subfield code="y">FIS</subfield>
  </datafield>
  <datafield tag="952" ind1=" " ind2=" ">
    <subfield code="0">0</subfield>
    <subfield code="1">0</subfield>
    <subfield code="2">ddc</subfield>
    <subfield code="4">0</subfield>
    <subfield code="6">FIS_LOE_2001_000000000000000_B173_OR_2</subfield>
    <subfield code="7">0</subfield>
    <subfield code="9">19376</subfield>
    <subfield code="a">LBB</subfield>
    <subfield code="b">LBB</subfield>
    <subfield code="c">B173</subfield>
    <subfield code="d">2015-12-02</subfield>
    <subfield code="l">1</subfield>
    <subfield code="o">FIS LOE 2001 B173 Or.2</subfield>
    <subfield code="p">RUA027839</subfield>
    <subfield code="r">2022-08-02</subfield>
    <subfield code="s">2022-07-01</subfield>
    <subfield code="w">2015-12-02</subfield>
    <subfield code="y">FIS</subfield>
  </datafield>
  <datafield tag="952" ind1=" " ind2=" ">
    <subfield code="0">0</subfield>
    <subfield code="1">0</subfield>
    <subfield code="2">ddc</subfield>
    <subfield code="4">0</subfield>
    <subfield code="6">FIS_LOE_2001_000000000000000_B173_OR_3</subfield>
    <subfield code="7">0</subfield>
    <subfield code="9">19377</subfield>
    <subfield code="a">LBB</subfield>
    <subfield code="b">LBB</subfield>
    <subfield code="c">B173</subfield>
    <subfield code="d">2015-12-02</subfield>
    <subfield code="o">FIS LOE 2001 B173 Or.3</subfield>
    <subfield code="p">RUA027911</subfield>
    <subfield code="r">2015-12-02</subfield>
    <subfield code="w">2015-12-02</subfield>
    <subfield code="y">FIS</subfield>
  </datafield>
  <datafield tag="952" ind1=" " ind2=" ">
    <subfield code="0">0</subfield>
    <subfield code="1">0</subfield>
    <subfield code="2">ddc</subfield>
    <subfield code="4">0</subfield>
    <subfield code="6">FIS_LOE_2001_000000000000000_B173_OR_4</subfield>
    <subfield code="7">0</subfield>
    <subfield code="9">19378</subfield>
    <subfield code="a">LBB</subfield>
    <subfield code="b">LBB</subfield>
    <subfield code="c">B173</subfield>
    <subfield code="d">2015-12-02</subfield>
    <subfield code="l">1</subfield>
    <subfield code="o">FIS LOE 2001 B173 Or.4</subfield>
    <subfield code="p">RUA027983</subfield>
    <subfield code="r">2022-01-05</subfield>
    <subfield code="s">2021-12-08</subfield>
    <subfield code="w">2015-12-02</subfield>
    <subfield code="y">FIS</subfield>
  </datafield>
  <datafield tag="952" ind1=" " ind2=" ">
    <subfield code="0">0</subfield>
    <subfield code="1">0</subfield>
    <subfield code="2">ddc</subfield>
    <subfield code="4">0</subfield>
    <subfield code="6">FIS_LOE_2001_000000000000000_B173_OR_5</subfield>
    <subfield code="7">0</subfield>
    <subfield code="9">19379</subfield>
    <subfield code="a">LBB</subfield>
    <subfield code="b">LBB</subfield>
    <subfield code="c">B173</subfield>
    <subfield code="d">2015-12-02</subfield>
    <subfield code="o">FIS LOE 2001 B173 Or.5</subfield>
    <subfield code="p">RUA027557</subfield>
    <subfield code="r">2015-12-02</subfield>
    <subfield code="w">2015-12-02</subfield>
    <subfield code="y">FIS</subfield>
  </datafield>
</record>
